Eastern Utah Libraries Catalog: Duchesne, Heber, Roosevelt, & Vernal

My good bright wolf : (Record no. 402718)

MARC details
000 -LEADER
fixed length control field 01228nam a2200373 i 4500
001 - CONTROL NUMBER
control field 1435632591
003 - CONTROL NUMBER IDENTIFIER
control field DLC
005 - DATE AND TIME OF LATEST TRANSACTION
control field 20241220124847.0
007 - PHYSICAL DESCRIPTION FIXED FIELD--GENERAL INFORMATION
fixed length control field t|
008 - FIXED-LENGTH DATA ELEMENTS--GENERAL INFORMATION
fixed length control field 240920s2024 nyu e b 000 0aeng
010 ## - LIBRARY OF CONGRESS CONTROL NUMBER
LC control number 2024016458
Canceled/invalid LC control number 2024016458
020 ## - INTERNATIONAL STANDARD BOOK NUMBER
International Standard Book Number 9780374614638
Qualifying information hardcover
020 ## - INTERNATIONAL STANDARD BOOK NUMBER
International Standard Book Number 0374614636
035 ## - SYSTEM CONTROL NUMBER
System control number (OCoLC)1435632591
040 ## - CATALOGING SOURCE
Original cataloging agency DLC
Language of cataloging eng
Transcribing agency DLC
Description conventions rda
Modifying agency DLC
042 ## - AUTHENTICATION CODE
Authentication code pcc
082 00 - DEWEY DECIMAL CLASSIFICATION NUMBER
Classification number 828.9203
092 ## - LOCALLY ASSIGNED DEWEY CALL NUMBER (OCLC)
Classification number general nonfiction
Item number 92 Moss, Sarah
100 1# - MAIN ENTRY--PERSONAL NAME
Personal name Moss, Sarah,
Relator term author.
Relator code aut.
9 (RLIN) 6535271
245 10 - TITLE STATEMENT
Title My good bright wolf :
Remainder of title a memoir /
Statement of responsibility, etc Sarah Moss.
250 ## - EDITION STATEMENT
Edition statement First American edition.
264 #1 - Production, Publication, Distribution, Manufacture, and Copyright Notice.
Place of production, publication, distribution, manufacture New York :
Name of producer, publisher, distributor, manufacturer Farrar, Straus and Giroux,
Date of production, publication, distribution, manufacture, or copyr 2024.
300 ## - PHYSICAL DESCRIPTION
Extent 308 pages ;
Dimensions 22 cm.
336 ## - Content Type
Content type term text
337 ## - Media type
Media type term unmediated
338 ## - Carrier type
Carrier type term volume
504 ## - BIBLIOGRAPHY, ETC. NOTE
Bibliography, etc Includes bibliographical references.
520 ## - SUMMARY, ETC.
Summary, etc "An unflinching memoir about childhood, food, books, and our ability to see, become, and protect ourselves"--
600 10 - SUBJECT ADDED ENTRY--PERSONAL NAME
Personal name Moss, Sarah
General subdivision Childhood and youth.
9 (RLIN) 6535272
600 10 - SUBJECT ADDED ENTRY--PERSONAL NAME
Personal name Moss, Sarah
General subdivision Mental health.
9 (RLIN) 6535273
650 #0 - SUBJECT ADDED ENTRY--TOPICAL TERM
Topical term or geographic name as entry element Memory.
655 #7 - INDEX TERM--GENRE/FORM
Genre/form data or focus term Autobiographies.
Source of term lcgft.
942 ## - ADDED ENTRY ELEMENTS (KOHA)
Source of classification or shelving scheme Dewey Decimal Classification
Koha item type BOOK
Holdings
Withdrawn status Lost status Source of classification or shelving scheme Damaged status Not for loan Collection code Home library Current library Shelving location Date acquired Source of acquisition Total Checkouts Total Renewals Full call number Barcode Date last seen Date checked out Cost, replacement price Price effective from Koha item type
    Dewey Decimal Classification     General NonFiction Wasatch County Library Wasatch County Library Second Floor 12/20/2024 Micromarketing 2 2 92 Moss 34301002087957 03/10/2025 01/15/2025 28.00 12/20/2024 BOOK
This project was made possible through a grant from the Institute of Museum and Library Service administered by the Utah State Library Division.

Wasatch County Library

  • 465 East 1200 South, Heber City, Utah 84032
  • Phone 435-654-1511 | Fax 435-654-6456

Hours

  • Monday - Friday 9:30 AM - 8:00 PM
  • Saturday 9:30 AM - 1:30 PM
  • Closed Sundays and Holidays